| 000 | 00496nam a2200193 a 4500 | ||
|---|---|---|---|
| 005 | 20140314093650.0 | ||
| 008 | 140314b1991 ck ||||| |||| 00| 0 spa d | ||
| 041 | _aspa | ||
| 044 | _ack | ||
| 090 |
_aLB _b03839 |
||
| 100 |
_aEstrada, Javier _99341 |
||
| 245 | _aBibliografía botánica para Colombia 1 | ||
| 260 |
_aBogotá _bAECI _bICI _c1991 |
||
| 300 | _a400 p. | ||
| 700 |
_aFuentes, Javier _921551 |
||
| 700 |
_aCardiel, José María _921552 |
||
| 942 |
_cImpreso _2z |
||
| 945 | _d2004-09-15 | ||
| 999 |
_c4146 _d4146 |
||